000 00887nam a22002412 4500
001 0000019255
005 20151217152150.0
008 101022s xx 000 0 eng d
020 _a0470390788 :
040 _aKABU
_cKABU
100 1 _aGranof, Michael H.
_@0000178925
245 1 0 _aGovernment and not-for-profit accounting :
_bconcepts and practices /
_cMichael H. Granof, Saleha B. Khumawala.
250 _a5th ed.
260 _aNew York :
_bJ. Wiley,
_c2011.
300 _axix, 802 p.
650 0 _aFinance, Public.
_xAccounting.
_zUnited States.
_@0000178836
650 0 _aFinance, Public
_xAccounting
_xStandards.
_zUnited States.
_@0000178926
650 0 _aNonprofit organizations.
_xAccounting.
_yUnited States.
_@0000178837
700 1 _aKhumawala, Saleha B.
_@0000178927
852 1 _9p4030 KES
908 _a101022
950 _@1
999 _c8901
_d8901